| 000 | 00451cam a22001217a 4500 | ||
|---|---|---|---|
| 008 | 180718b1987 xxu||||| |||| 00| 0 eng d | ||
| 082 | _aA81x54 In2/81/15/Pap1/1987 | ||
| 100 | _aCensus of India 1981 | ||
| 245 | _aNagaland: households and household population by language mainly spoken in the houehold | ||
| 260 |
_aDelhi _bThe Controller of Publications _c1987 |
||
| 300 | _a157+p. | ||
| 440 | _aCensus of India 1981. Series-15, Nagaland. Paper 1 of 1987 | ||
| 999 |
_c483136 _d483136 |
||